Nursing quality assurance : (Record no. 1195)

MARC details
000 -LEADER
fixed length control field 00860nam a2200277 a 4500
005 - DATE AND TIME OF LATEST TRANSACTION
control field 20260322212050.0
008 - FIXED-LENGTH DATA ELEMENTS--GENERAL INFORMATION
fixed length control field data
010 ## - LIBRARY OF CONGRESS CONTROL NUMBER
LC control number 84002784
020 ## - INTERNATIONAL STANDARD BOOK NUMBER
International Standard Book Number 0894438549
020 ## - INTERNATIONAL STANDARD BOOK NUMBER
International Standard Book Number 9780894438547
040 ## - CATALOGING SOURCE
Modifying agency CStRLIN
050 1# - LIBRARY OF CONGRESS CALL NUMBER
Classification number RT85.5
Item number .N866 1984
096 ## - LOCALLY ASSIGNED NLM-TYPE CALL NUMBER (OCLC)
Classification number WY 16 N9742 1984
001 - CONTROL NUMBER
control field data
245 00 - TITLE STATEMENT
Title Nursing quality assurance :
Remainder of title a unit-based approach /
Statement of responsibility, etc. edited by Patricia S. Schroeder & Regina M. Maibusch.
260 0# - PUBLICATION, DISTRIBUTION, ETC.
Place of publication, distribution, etc. Rockville, Md. :
Name of publisher, distributor, etc. Aspen Systems Corp.,
Date of publication, distribution, etc. 1984.
300 ## - PHYSICAL DESCRIPTION
Extent xv, 243 p. :
Other physical details ill. ;
Dimensions 24 cm.
500 ## - GENERAL NOTE
General note "An Aspen publication."
504 ## - BIBLIOGRAPHY, ETC. NOTE
Bibliography, etc. note Includes bibliographical references and index.
590 ## - LOCAL NOTE (RLIN)
Local note "An Aspen publication."
590 ## - LOCAL NOTE (RLIN)
Local note Includes bibliographies and index.
650 #0 - SUBJECT ADDED ENTRY--TOPICAL TERM
Topical term or geographic name entry element Nursing audit.
650 #0 - SUBJECT ADDED ENTRY--TOPICAL TERM
Topical term or geographic name entry element Nursing
General subdivision Standards.
700 1# - ADDED ENTRY--PERSONAL NAME
Personal name Schroeder, Patricia S.
700 1# - ADDED ENTRY--PERSONAL NAME
Personal name Maibusch, Regina M.
Holdings
Withdrawn status Lost status Damaged status Not for loan Home library Current library Shelving location Date acquired Total checkouts Full call number Barcode Date last seen Price effective from Koha item type
        Franklin Franklin General stacks 22/03/2026   RT85.5 .N866 1984 BC0011234 22/03/2026 22/03/2026 Books